Coupe du Monde 2022: Parcours de l'Argentine et de la France - Statistiques

Statistiques générales
  • Ce quiz a été pris 647 fois
    453 depuis la dernière actualisation
  • Le résultat moyen est 18 sur 24
Statistiques - réponses
Réponse % Correct
Argentine
98%
France
98%
Maroc
97%
Angleterre
94%
Kylian Mbappé
94%
Lionel Messi
94%
Arabie Saoudite
93%
Australie
92%
Croatie
91%
Olivier Giroud
91%
Tunisie
90%
Pologne
89%
Pays-Bas
87%
Danemark
86%
Angel Di Maria
72%
Mexique
72%
Julian Alvarez
67%
Randal Kolo Muani
66%
Aurélien Tchouaméni
65%
Théo Hernandez
61%
Adrien Rabiot
55%
Enzo Fernandez
37%
Alexis Mac Allister
28%
Nahuel Molina
20%
Aucun quiz correspondant
Distribution des résultats
% des personnes avec chaque résultat
Percentile par nombre de réponses
Votre historique - résultats
Vous n’avez pas pris ce quiz depuis la dernière actualisation